| 000 | 00993cam a2200289 a 4500 | ||
|---|---|---|---|
| 001 | 2840268 | ||
| 003 | LC | ||
| 005 | 20160310153700.0 | ||
| 008 | 840214r19841973txu 000 1 eng | ||
| 010 | _a 84000157 | ||
| 020 |
_a0912646918 : _c$16.95 |
||
| 020 |
_a0912646896 (pbk.) : _c$9.95 |
||
| 040 |
_aDLC _cDLC _dDLC |
||
| 050 | 0 | 0 |
_aPS 3561.E3975 _b.K29 1973 |
| 082 | 0 | 0 |
_aFIC K29t _b1984 |
| 100 | 1 |
_aKelton, Elmer. _920455 |
|
| 245 | 1 | 4 |
_aThe time it never rained / _cElmer Kelton ; with a new introduction by Elmer Kelton and an afterword by Tom Pilkington. |
| 260 |
_aFort Worth : _bTexas Christian University Press, _c1984. |
||
| 300 |
_a377 p. ; _c24 cm. |
||
| 440 | 0 |
_aChisholm Trail series ; _vno. 2 _920475 |
|
| 500 | _aReprint. Originally published: Garden City, N.Y., 1973. | ||
| 562 | _eThere is one available in the collection. | ||
| 655 | 7 |
_aWestern stories. _2gsafd _95109 |
|
| 906 |
_a7 _bcbc _corignew _d1 _eocip _f19 _gy-gencatlg |
||
| 942 |
_2lcc _cBK |
||
| 999 |
_c11510 _d11510 |
||